| 000 | 00475nam a2200193 a 4500 | ||
|---|---|---|---|
| 001 | 3485 | ||
| 003 | CDMR | ||
| 005 | 20131128171624.0 | ||
| 008 | 130130s1967||||||||||||||||||||||||||||d | ||
| 020 | _a2020026996 | ||
| 040 |
_aCDMR _bcat _cCDMR |
||
| 100 | 1 |
_aBarthes, Roland _9877 |
|
| 245 | 1 | 0 |
_aSystème de la mode _cRoland Barthes |
| 260 |
_aParis _c1967 _bSeuil |
||
| 300 | _a326 p. | ||
| 650 | 0 | 4 |
_93416 _aCrítica literària |
| 650 | 0 | 4 |
_91282 _aSemiòtica |
| 942 |
_cMON _2udc |
||
| 999 |
_c3485 _d3485 |
||